Apuntes de Nobiliaria y nociones de Genealogía y Heráldica : (Record no. 24810)
[ view plain ]
| 000 -LEADER | |
|---|---|
| campo de control de longitud fija | 01007nam a2200241 i 4500 |
| 001 - NÚMERO DE CONTROL | |
| campo de control | 24810 |
| 003 - IDENTIFICADOR DE NÚMERO DE CONTROL | |
| campo de control | ES-MaACL |
| 005 - FECHA Y HORA DE LA ÚLTIMA TRANSACCIÓN | |
| campo de control | 20251210181935.0 |
| 007 - CAMPO FIJO DE DESCRIPCIÓN FÍSICA--INFORMACIÓN GENERAL | |
| campo de control de longitud fija | t| |
| 008 - DATOS DE LONGITUD FIJA--INFORMACIÓN GENERAL | |
| campo de control de longitud fija | 021218s1984 sp ||||1| spa d |
| 020 ## - NÚMERO INTERNACIONAL ESTÁNDAR DEL LIBRO | |
| Número Internacional Estándar del Libro | 84-00-05669-8 |
| 110 2# - ENTRADA PRINCIPAL--NOMBRE DE ENTIDAD CORPORATIVA | |
| Nombre de entidad corporativa o nombre de jurisdicción como elemento de entrada | Escuela de Genealogia, Heráldica y Nobiliaria. |
| 9 (RLIN) | 157632 |
| 245 10 - MENCIÓN DEL TÍTULO | |
| Título | Apuntes de Nobiliaria y nociones de Genealogía y Heráldica : |
| Resto del título | curso de grado de la Escuela de Genealogía, Heráldica y Nobiliaria / |
| Mención de responsabilidad, etc. | lecciones pronunciadas por D. Francisco de Cadenas y Allende, D. Vicente de Cadenas y Vicent, D. Julio Atienza, Barón de Cobos de Belchite. |
| 250 ## - MENCION DE EDICION | |
| Mención de edición | 2ª ed. |
| 260 ## - PUBLICACIÓN, DISTRIBUCIÓN, ETC. | |
| Lugar de publicación, distribución, etc. | Madrid : |
| Nombre del editor, distribuidor, etc. | Instituto Luis de Salazar y Castro (C.S.I.C.) : |
| -- | Hidalguía, |
| Fecha de publicación, distribución, etc. | 1984. |
| 300 ## - DESCRIPCIÓN FÍSICA | |
| Extensión | 294 p. ; |
| Dimensiones | 26 cm. |
| 504 ## - NOTA DE BIBLIOGRAFÍA, ETC. | |
| Nota de bibliografía, etc. | Bibliografía : p. 284-289. |
| 650 04 - PUNTO DE ACCESO ADICIONAL DE MATERIA--TÉRMINO DE MATERIA | |
| Término de materia o nombre geográfico como elemento de entrada | Heráldica- |
| Subdivisión geográfica | España. |
| 9 (RLIN) | 13317 |
| 651 #4 - PUNTO DE ACCESO ADICIONAL DE MATERIA--NOMBRE GEOGRÁFICO | |
| Nombre geográfico | España- |
| Subdivisión general | Genealogía. |
| 9 (RLIN) | 8199 |
| 700 0# - ENTRADA AGREGADA--NOMBRE PERSONAL | |
| Nombre de persona | Cadenas y Allende, Francisco de |
| 9 (RLIN) | 33389 |
| 852 ## - LOCALIZACIÓN | |
| Ubicación | ES-MaACL |
| Número de control de estantería | L-10560 |
| Sublocalización o colección | R.111006 |
| Estatus retirado | Estado de pérdida | Estado de daño | No para préstamo | Biblioteca de origen | Biblioteca actual | Ubicación en estantería | Fecha de adquisición | Fuente de adquisición | Total de préstamos | Signatura topográfica completa | Código de barras | Visto por última vez | Precio de reemplazo | Tipo de ítem Koha |
|---|---|---|---|---|---|---|---|---|---|---|---|---|---|---|
| Biblioteca del Ateneo de Madrid | Biblioteca del Ateneo de Madrid | Depósito 2 | 17/01/2008 | L-10560 | 1025579 | 23/02/2023 | 23/02/2023 | Libro impreso |
